| 000 | 00804cab a2200265 4500 | ||
|---|---|---|---|
| 001 | ABS49462 | ||
| 008 | 090401t1993 xxu||||| |||| 00| 0 eng d | ||
| 035 | _a(Sirsi) u71393 | ||
| 041 | _aeng | ||
| 245 | _aFocus : Offshore centres | ||
| 260 | _c1993 | ||
| 350 | _a0 | ||
| 490 |
_aEstates Gazette _v(9339) 2 October 1993, 77-88(10) |
||
| 520 | _aReports on the offshore centres of the Isle of Man, Gibraltar, Jersey and Guernsey providing comment on the economic climate and the property markets. | ||
| 650 | _aCHANNEL ISLANDS | ||
| 650 | _aGIBRALTAR | ||
| 650 | _aGUERNSEY | ||
| 650 | _aISLE OF MAN | ||
| 650 | _aJERSEY | ||
| 650 | _aOFFSHORE CENTRES | ||
| 650 | _aTAX HAVENS | ||
| 690 | _aPROPERTY-COMMERCIAL PROPERTY-COMMERCIAL PROPERTY MARKET | ||
| 942 | _n0 | ||
| 948 | _c04/03/1997 | ||
| 999 |
_c44998 _d44998 |
||